[Event "Going Dutch"]
[Site "SchemingMind.com"]
[Date "2009.05.22"]
[Round "-"]
[White "King"]
[Black "Mosselman"]
[Result "0-1"]
[WhiteCountry "ITA"]
[BlackCountry "NED"]
[WhiteElo "1742"]
[WhiteRD "82"]
[BlackElo "1940"]
[BlackRD "141"]
[GameID "205541"]

1. d4 f5 2. c4 Nf6 3. Nc3 e6 4. Bg5 Be7 5. Qd3 O-O 6. f4 b6 7. Nf3 Bb7 8. e3 d6 9. Be2 h6 10. Bh4 Ng4
11. Bxe7 Qxe7 12. h3 Nf6 13. O-O Nbd7 14. Nh4 Qe8 15. Bf3 Bxf3 16. Nxf3 Nh5 17. g4 fxg4 18. hxg4 Nhf6 19. g5 hxg5 20. Nxg5 Qh5
21. Rf2 Ng4 22. Rg2 a6 23. Nce4 d5 24. Nf2 Nxf2 25. Kxf2 Nf6 26. Rag1 Ne8 27. Nxe6 Rf7 28. Rg5 Qh2+ 29. Kf1 Qh3+ 30. Ke2 Qxe6
31. cxd5 Qh6 32. f5 Nf6 33. e4 Qh2+ 34. R1g2 Qf4 35. e5 Nxd5 36. f6 Qxg5 37. Rxg5 Nf4+ 38. Ke3 Nxd3 39. Kxd3 Kf8 40. Rh5 Kg8
41. Rg5 Kh7 42. fxg7 Rxg7 43. Rh5+ Kg6 44. Rh2 Kf5 45. Rf2+ Ke6 46. Kc4 Rf7 47. Re2 Rd8 48. b4 Rf4 49. Rd2 b5+ 50. Kc3 Rf3+
51. Kc2 Kd5 52. Kb2 Rdf8 53. Kc2 Rf2 54. e6 Rxd2+ 55. Kxd2 Kxd4 56. e7 Re8 57. a4 bxa4 58. b5 axb5 59. Kc2 Rxe7 60. Kb2 b4
61. Kc2 Re2+ 62. Kd1 Kd3 63. Kc1 a3 64. Kd1 b3 65. Kc1 Re1#
0-1

[Event "Going Dutch"]
[Site "SchemingMind.com"]
[Date "2009.05.21"]
[Round "-"]
[White "lemmie"]
[Black "King"]
[Result "1-0"]
[WhiteCountry "NED"]
[BlackCountry "ITA"]
[WhiteElo "1673"]
[WhiteRD "53"]
[BlackElo "1742"]
[BlackRD "82"]
[GameID "205542"]

1. d4 f5 2. g3 Nf6 3. Bg2 e6 4. Nf3 Be7 5. O-O O-O 6. c4 d6 7. Nc3 Nbd7 8. a4 Ne4 9. Nxe4 fxe4 10. Nd2 d5
11. cxd5 exd5 12. Nb3 Nb6 13. f3 exf3 14. exf3 Nc4 15. Re1 Bb4 16. Bd2 Qd6 17. Bc3 Bf5 18. Re2 Rf6 19. Nc5 Bxc5 20. dxc5 Qxc5+
21. Kh1 Rh6 22. b4 Qb6 23. a5 Qd6 24. Qd4 Qd7 25. Rae1 Rf6 26. Re7 Qd8 27. Re8+ Qxe8 28. Rxe8+ Rxe8 29. Qxd5+ Be6 30. Qxb7 Rf7
31. Qxa7 Bd5 32. Qd4 c6 33. b5 Ne3 34. b6 Nxg2 35. Kxg2 Bxf3+ 36. Kg1 Re2 37. Qd8+ Rf8 38. Qg5 Rg2+ 39. Kf1 Bd5+ 40. Ke1 Rf7
41. a6 Bc4 42. Qd8+ Rf8 43. Qxf8+ Kxf8 44. b7 Re2+ 45. Kd1 Bxa6 46. b8=Q+ Re8 47. Qd6+ Kf7 48. Qxc6 Be2+ 49. Kd2 Bh5 50. Qd5+ Kg6
51. Qd7 Re2+ 52. Kd3 Rxh2 53. Qxg7+ Kf5 54. Qxh7+ Kg4 55. Qg7+ Kh3 56. Be5 Rh1 57. Bf4 Bf3 58. Kd4 Re1 59. Kd3 Bg4 60. Kd2 Re2+
61. Kd3 Re1 62. Be3 Rf1 63. Qe5 Rf5 64. Qb8 Rf1 65. Bf4 Re1 66. Qh8+ Kg2 67. Qh4 Kf3 68. Kd2 Re2+ 69. Kd3 Re1 70. Qh2 Bf5+
71. Kd2 Re7 72. Qh5+
1-0

[Event "Going Dutch"]
[Site "SchemingMind.com"]
[Date "2009.05.21"]
[Round "-"]
[White "Schaakmaatje"]
[Black "King"]
[Result "0-1"]
[WhiteCountry "NED"]
[BlackCountry "ITA"]
[WhiteElo "1755"]
[WhiteRD "49"]
[BlackElo "1777"]
[BlackRD "85"]
[GameID "205543"]

1. d4 f5 2. Qd3 d6 3. Nc3 Nf6 4. e4 g6 5. Bg5 Bg7 6. O-O-O fxe4 7. Nxe4 Bf5 8. Nxf6+ Bxf6 9. Qb5+ c6 10. Qxb7 Bxg5+
11. Kb1 Nd7 12. Qxc6 Rc8
0-1

[Event "Going Dutch"]
[Site "SchemingMind.com"]
[Date "2009.05.23"]
[Round "-"]
[White "Manuel Angel"]
[Black "King"]
[Result "1-0"]
[WhiteCountry "ESP"]
[BlackCountry "ITA"]
[WhiteElo "2104"]
[WhiteRD "73"]
[BlackElo "1727"]
[BlackRD "81"]
[GameID "205544"]

1. d4 f5 2. g3 Nf6 3. Bg2 e6 4. c4 Bb4+ 5. Nc3 O-O 6. Nf3 Ne4 7. Qd3 d5 8. O-O Nd7 9. cxd5 exd5 10. Nxd5 Bd6
11. Ne3 Ndf6 12. Ne5 Qe7 13. N5c4 c6 14. f3 Ng5 15. Nxd6 Qxd6 16. Nc4 Nxf3+ 17. Rxf3 Qc7 18. Bf4 Qf7 19. Nd6 Qe6 20. Re3 Qd7
21. d5 c5 22. Qc4 b6 23. Nxf5 Nh5 24. d6+ Kh8 25. Bxa8 Nxf4 26. Qxf4 Qb5 27. Nd4 Rxf4 28. Nxb5 Rf8 29. Rf1 Rd8 30. Ref3 Be6
31. Rf8+ Rxf8 32. Rxf8+ Bg8 33. Bd5
1-0

[Event "Going Dutch"]
[Site "SchemingMind.com"]
[Date "2009.05.21"]
[Round "-"]
[White "goodknight"]
[Black "King"]
[Result "1-0"]
[WhiteCountry "POL"]
[BlackCountry "ITA"]
[WhiteElo "2257"]
[WhiteRD "112"]
[BlackElo "1777"]
[BlackRD "85"]
[GameID "205545"]

1. d4 f5 2. g3 Nf6 3. Bg2 e6 4. Nf3 Be7 5. O-O d6 6. c4 Nbd7 7. Nc3 O-O 8. Qb3 c5 9. Ng5 Nb6 10. dxc5 dxc5
11. Rd1 Qc7 12. a4 h6 13. a5 Nxc4 14. Qxc4 hxg5 15. Bxg5 Bd7 16. a6 b5 17. Nxb5 Bxb5 18. Qxb5 Rab8 19. Bb7 Ne4 20. Rd7 Qxd7
21. Qxd7 Bxg5 22. Bxe4 fxe4 23. Qxa7 Rxb2 24. Qxc5 Bd8 25. a7 Rxe2 26. a8=Q Bf6 27. Qaxf8+ Kh7 28. Qh5#
1-0

[Event "Going Dutch"]
[Site "SchemingMind.com"]
[Date "2009.05.23"]
[Round "-"]
[White "marekj"]
[Black "King"]
[Result "1-0"]
[WhiteCountry "INT"]
[BlackCountry "ITA"]
[WhiteElo "2247"]
[WhiteRD "77"]
[BlackElo "1742"]
[BlackRD "82"]
[GameID "205546"]

1. d4 f5 2. e4 fxe4 3. Nc3 Nf6 4. f3 exf3 5. Nxf3 e6 6. Bd3 Bb4 7. O-O O-O 8. a3 Ba5 9. Na4 Nc6 10. c4 a6
11. b4 Bb6 12. Nxb6 cxb6 13. d5 exd5 14. cxd5 Ne7 15. d6 Nc6 16. Qb3+ Kh8 17. Bb2 b5 18. Ng5 Qb6+ 19. Kh1 Nd4 20. Nf7+ Rxf7
21. Qxf7 Qxd6 22. Rxf6 Qxf6 23. Qe8+
1-0

[Event "Going Dutch"]
[Site "SchemingMind.com"]
[Date "2009.05.21"]
[Round "-"]
[White "Mosselman"]
[Black "King"]
[Result "1-0"]
[WhiteCountry "NED"]
[BlackCountry "ITA"]
[WhiteElo "2059"]
[WhiteRD "206"]
[BlackElo "1777"]
[BlackRD "85"]
[GameID "205547"]

1. d4 f5 2. e4 fxe4 3. Nc3 Nf6 4. Bg5 d5 5. Bxf6 exf6 6. Qh5+ Ke7 7. Qxd5 Qxd5 8. Nxd5+ Kd6 9. Ne3 Nc6 10. O-O-O Be7
11. Bc4 Rd8 12. f3 exf3 13. Nxf3 Na5 14. Be2 Be6 15. d5 Bf7 16. b4 Nc6 17. Nf5+ Kd7 18. dxc6+ Ke8 19. cxb7 Rab8 20. Nxe7 Kxe7
21. Rxd8 Rxd8 22. Rd1 Rb8 23. Nd4 Rxb7 24. Nc6+ Ke6 25. Bc4+ Kf5 26. Bxf7 Rb6 27. Bd5 g5 28. a4 a5 29. b5 h5 30. c4 Kf4
31. c5 Rb7 32. Rf1+ Kg4 33. Be6+ Kh4 34. g3#
1-0